Star Wars Planets - Statistics

General Stats
  • This quiz has been taken 11 times
  • The average score is 10 of 18
Answer Stats
Hint Answer % Correct
Leia's home planet. Alderaan
91%
Site of the Echo Base. Hoth
82%
Home of the wookies Kashyyyk
73%
Where Anakin and Obi-Wan fought. Mustafar
73%
Home of Jar-Jar and Padme. Naboo
73%
Home of Cloud City. Bespin
64%
Home to Yoda in his final years. Dagobah
64%
Site of the first base for the Rebel Alliance. Dantooine
64%
Site of the Cloning Facility in which Boba Fett is made. Kamino
64%
Where the battle of the Death Star took place. Yavin
64%
Home of the Galactic Senate. Coruscant
55%
A noxious mining planet. Kessel
55%
Home of the Mandalorians. Mandalore
55%
Where Count Dooku and Yoda fought. Geonosis
45%
Beautiful aquatic planet full of reefs. Mon Cala
36%
Home planet of Jabba the Hutt. Nal Hutta
36%
Where Padme gave birth to Luke and Leia. Polis Massa
18%
Han Solo's home planet. Corelia
9%
No matching quizzes found
Score Distribution
Percent of People with Each Score
Percentile by Number Answered
Your Score History
You have not taken this quiz